000
00249nam a2200109Ia 4500
008
190216s9999||||xx |||||||||||||| ||und||
100
_a
Udayamoorthy M S
245
0
_a
Chuttumulla Kadal
260
_b
Veenus Press
650
_a
Malayalam
942
_c
BK
999
_c
24275
_d
24275